Online
Catalog

Viajes y estudios latinoamericanos : (Record no. 34210)

MARC details
000 -CABECERA
campo de control de longitud fija 00933nam a2200205 a 4500
001 - NÚMERO DE CONTROL
campo de control 000034719
005 - FECHA Y HORA DE LA ÚLTIMA TRANSACCIÓN
campo de control 20200930073848.0
008 - DATOS DE LONGITUD FIJA--INFORMACIÓN GENERAL
campo de control de longitud fija 111019s1991 ve 000 0 spa d
020 ## - NÚMERO INTERNACIONAL ESTÁNDAR DEL LIBRO
Número Internacional Estándar del Libro 9800101640
040 ## - FUENTE DE LA CATALOGACIÓN
Centro catalogador/agencia de origen DO-SdBNP
Lengua de catalogación spa
Centro/agencia transcriptor BNPHU
100 1# - ENTRADA PRINCIPAL--NOMBRE DE PERSONA
Nombre de persona Picón-Salas, Mariano,
Fechas asociadas al nombre 1901-1965
9 (RLIN) 9942
245 10 - MENCIÓN DE TÍTULO
Título Viajes y estudios latinoamericanos :
Resto del título Páginas de Chile y Perú ; Gusto de México ; Imágenes y retratos /
Mención de responsabilidad, etc. Mariano Picón-Salas ; introducción José Balza ; edición, notas y variantes Cristian Álvarez ; proyecto y selección de Guillermo Sucre.
260 ## - PUBLICACIÓN, DISTRIBUCIÓN, ETC.
Lugar de publicación, distribución, etc. Caracas :
Nombre del editor, distribuidor, etc. Monte Ávila Editores,
Fecha de publicación, distribución, etc. 1991.
300 ## - DESCRIPCIÓN FÍSICA
Extensión xv, 294 p. ;
Dimensiones 22 cm.
490 0# - MENCIÓN DE SERIE
Mención de serie Biblioteca Mariano Picón-Salas ;
Designación de volumen o secuencia 4
505 0# - NOTA DE CONTENIDO CON FORMATO
Nota de contenido con formato contenido:
Título Páginas de Chile y Perú. --
-- Gusto de México. --
-- Imágenes y retratos.
700 1# - PUNTO DE ACCESO ADICIONAL--NOMBRE DE PERSONA
Nombre de persona Balza, José,
Término indicativo de función/relación intr.
9 (RLIN) 20661
700 1# - PUNTO DE ACCESO ADICIONAL--NOMBRE DE PERSONA
Nombre de persona Álvarez, Cristian,
Término indicativo de función/relación ed.
9 (RLIN) 60175
700 1# - PUNTO DE ACCESO ADICIONAL--NOMBRE DE PERSONA
Nombre de persona Sucre, Guillermo,
Término indicativo de función/relación sel.
9 (RLIN) 6249
Holdings
Estado de retiro Estado de pérdida Restricciones de uso No para préstamo Código de colección Localización permanente Ubicación/localización actual Ubicación en estantería Fecha de adquisición Número de inventario Total de préstamos Signatura topográfica completa Código de barras Fecha visto por última vez Precio válido a partir de Tipo de ítem Koha Nota pública
        Monografías: Libros y Folletos General General Orden iniciada 19.10.2011 LF1   34719-10 25.06.2020 25.06.2020 No se presta Biblioteca Juan Isidro Jiménes Grullón

Powered by Koha